000 01588nam a2200433 i 4500
001 xx005915842
003 NUKAT
005 20260330110148.0
008 260330s2013 pl a |001 0 pol c
020 _a8389523620
_q(oprawa miękka)
035 _a(NUKAT)xx005915842
040 _aOLSZT 008/bak
_bpol
_erda
_cOLSZT 008/bak
046 _k2006
100 1 _aBogdaszewska, Zofia.
_eAutor
_939193
245 1 0 _aBliscy znajomi :
_bpoznajemy drzewa i krzewy /
_cZofia Bogdaszewska, Marek Bogdaszewski ; zdjęcia Mark Bogdaszewski, Andrzej Stachurski.
246 3 0 _aPpoznajemy drzewa i krzewy
250 _aWydanie IV.
260 _aOlsztyn :
_bAgencja Fotograficzno-Wydawnicza "Mazury",
_c2013.
300 _a62, [2] strony :
_bilustracje ;
_c22 cm.
336 _aTekst
_btxt
_2rdacontent
336 _aObraz
_bsti
_2rdacontent
337 _aBez urządzenia pośredniczącego
_bn
_2rdamedia
338 _aWolumin
_bnc
_2rdacarrier
380 _aKsiążki
380 _aPublikacje popularnonaukowe
388 1 _a2001-
504 _aBibliografia na stronie 62. Indeks.
650 7 _aDrzewa
_2DBN
_937574
650 7 _aKrzewy
_2DBN
_939195
650 7 _aOgrody botaniczne
_2DBN
_939196
655 7 _aOpracowanie
_2DBN
_935024
655 7 _aPublikacja bogato ilustrowana
_2DBN
_935165
658 _aBiologia
700 1 _aBogdaszewski, Marek.
_eAutor
_eFotografie
_939194
700 1 _aStachurski, Andrzej
_d(1951- ).
_eFotografie
_913038
710 2 _aAgencja Fotograficzno-Wydawnicza "Mazury".
_eWydawca
_4pbl
_913040
920 _a83-89523-62-0 (oprawa miękka)
942 _2ddc
_cBK_NM
999 _c27343
_d27343